000 00217nam a22000857a 4500
008 170113b xxu||||| |||| 00| 0 eng d
100 _92391
_aPurang.Y.P.
245 _aScience Practical-CCE-X
260 _aNew Delhi
_bAPC
_c2010
999 _c5402
_d5402